जनसंचार विश्वकोश / (Record no. 120931)

MARC details
000 -LEADER
fixed length control field 01031nam a22002657a 4500
005 - DATE AND TIME OF LATEST TRANSACTION
control field 20170124103205.0
010 ## - LIBRARY OF CONGRESS CONTROL NUMBER
LC control number B-259962
020 ## - INTERNATIONAL STANDARD BOOK NUMBER
Terms of availability 275.00
International Standard Book Number 8180180751
035 ## - SYSTEM CONTROL NUMBER
System control number B-259962
037 ## - SOURCE OF ACQUISITION
Source of stock number/acquisition Cen Lib/Ret
040 ## - CATALOGING SOURCE
Original cataloging agency DPL
Language of cataloging HN
082 ## - DEWEY DECIMAL CLASSIFICATION NUMBER
Classification number 302.2303
Item number जैनर
100 ## - MAIN ENTRY--PERSONAL NAME
Personal name जैन, रमेश
9 (RLIN) 2233
245 ## - TITLE STATEMENT
Title जनसंचार विश्वकोश /
Statement of responsibility, etc रमेश जैन
246 ## - VARYING FORM OF TITLE
Title proper/short title Jansanchar vishvkosh /
260 ## - PUBLICATION, DISTRIBUTION, ETC. (IMPRINT)
Place of publication, distribution, etc जयपुर
Name of publisher, distributor, etc नेशनल पब्लिशिंग हाउस
Date of publication, distribution, etc 2007
270 ## - ADDRESS
City जयपुर
Address 337, चौड़ा रास्ता
Postal code 302 003
300 ## - PHYSICAL DESCRIPTION
Extent xii,536पृ.
Dimensions 22सेमी(सजिल्द)
500 ## - GENERAL NOTE
General note अनुक्रमाणिका शामिल
650 ## - SUBJECT ADDED ENTRY--TOPICAL TERM
Topical term or geographic name as entry element कोश -- जनसंचार
9 (RLIN) 4735
650 ## - SUBJECT ADDED ENTRY--TOPICAL TERM
Topical term or geographic name as entry element जनसंचार
9 (RLIN) 114926
650 ## - SUBJECT ADDED ENTRY--TOPICAL TERM
Topical term or geographic name as entry element Dictionary - Mass Communication
9 (RLIN) 93443
650 ## - SUBJECT ADDED ENTRY--TOPICAL TERM
Topical term or geographic name as entry element Mass Communication
9 (RLIN) 114927
942 ## - ADDED ENTRY ELEMENTS (KOHA)
Source of classification or shelving scheme Dewey Decimal Classification
Koha item type Hindi Books
Classification part 302.2303
Call number suffix जैनर
Holdings
Withdrawn status Lost status Damaged status Not for loan Home library Current library Date acquired Source of acquisition Cost, normal purchase price Total Checkouts Full call number Barcode Date last seen Copy number Cost, replacement price Price effective from Koha item type
        Central Library Central Library 29/09/2015 Cen Lib/Ret 275.00   302.2303 जैनर B-259962 29/09/2015 1 275.00 29/09/2015 Hindi Books
        Central Library Central Library 18/03/2016 Cen Lib/Ret 275.00   302.2303 जैनर B-259963 18/03/2016 2 275.00 18/03/2016 Hindi Books

© Delhi Public Library
Hit Counter
free hit counter